000 01463nam a2200325 a 4500
001 000013478
003 DO-SdBNP
005 20250502073819.0
007 ta
008 091125s1983 dr 001 0 spa d
040 _aDO-SdBNP
_bspa
_cBNPHU
082 4 _a347.7293013
_bR426L, 1983
110 1 _aRepública Dominicana.
_bOficina Nacional de Administración y Personal
_926398
240 1 0 _a[Leyes, etc.]
245 1 0 _aLey de organización judicial :
_bapéndice, Ley que crea el Colegio de Abogados de la República, Estatuto orgánico, y Código de ética del Colegio de Abogados de la República Dominicana.
_cpresentación Manuel Bergés Chupani.
260 _aSanto Domingo :
_bONAP,
_c1983.
300 _a153 p. ;
_c21 cm.
490 0 _aLeyes y códigos dominicanos ;
_v 3
500 _aApéndice : Ley que crea el Colegio de Abogados de la República; estatuto orgánico, y código de ética del Colegio de Abogado de la República Dominicana p. 87-153
500 _aTitulo lomo : Ley de organización judicial y apéndice.
590 _aInventariado, 2022/MFF
650 4 _aLegislacion judicial
_930795
650 4 _aPoder judicial
_xLegislación
_930796
651 4 _aRepública Dominicana
_xLey 821-27
_930797
700 1 _aBergés Chupani, Manuel
_98440
740 0 _aLey de organización judicial y apéndice.
830 0 _aLeyes y códigos dominicanos
_n3
_930798
910 _aValidado. Control de calidad MFF
942 _2ddc
_cLBS1
999 _c13102
_d13102